programming for problem solving using c (Record no. 56013)
[ view plain ]
| 000 -LEADER | |
|---|---|
| fixed length control field | nam a22 7a 4500 |
| 003 - CONTROL NUMBER IDENTIFIER | |
| control field | OSt |
| 005 - DATE AND TIME OF LATEST TRANSACTION | |
| control field | 20221114102820.0 |
| 008 - FIXED-LENGTH DATA ELEMENTS--GENERAL INFORMATION | |
| fixed length control field | 221114b xxu||||| |||| 00| 0 eng d |
| 040 ## - CATALOGING SOURCE | |
| Transcribing agency | iimt engineering college |
| 100 ## - MAIN ENTRY--PERSONAL NAME | |
| Personal name | yadav d.s |
| 245 ## - TITLE STATEMENT | |
| Title | programming for problem solving using c |
| 260 ## - PUBLICATION, DISTRIBUTION, ETC. | |
| Place of publication, distribution, etc. | new age pub |
| Name of publisher, distributor, etc. | arista pub |
| Date of publication, distribution, etc. | 11/11/22 |
| 300 ## - PHYSICAL DESCRIPTION | |
| Extent | 511 |
| 942 ## - ADDED ENTRY ELEMENTS (KOHA) | |
| Source of classification or shelving scheme | |
| Koha item type | Book Bank |
| Edition | 2020 |
No items available.

